00298nam a2200121Ia 4500008004100000082001500041100001500056245003400071250000800105260004700113300000800160650000800168191201s2008 xx 000 0 und d a331.8bSAW aSARMA, A.M 0aWelfare of Unorganised Labour a1st aN. DelhibHimalaya Publication Housec2008 a211 aBBA